Spôsob zdaňovania autorských honorárov
Autorské odmeny v zmysle autorského zákona č. 383/1997 Z.z. príjem autorov z inej samostatnej zárobkovej činnosti. Príjem autorov za príspevky do novín a časopisov. Príjem autora za niekoľkoročnú činnosť. Príjem zdedených autorských práv. Príjem autora zo závislej činnosti. Príklady z praxe.
Uložené v:
| Hlavný autor: | |
|---|---|
| Médium: | Kapitola |
| Jazyk: | Slovak |
| Predmet: | |
| Tagy: |
Žiadne tagy, Buďte prvý, kto otaguje tento záznam!
|
MARC
| LEADER | 00000naa a2200000 4500 | ||
|---|---|---|---|
| 001 | r034082 | ||
| 005 | 20230919085856.8 | ||
| 041 | 0 | |a slo | |
| 044 | |a SK | ||
| 245 | 1 | 0 | |a Spôsob zdaňovania autorských honorárov |c Elena Pantlová |
| 520 | |a Autorské odmeny v zmysle autorského zákona č. 383/1997 Z.z. príjem autorov z inej samostatnej zárobkovej činnosti. Príjem autorov za príspevky do novín a časopisov. Príjem autora za niekoľkoročnú činnosť. Príjem zdedených autorských práv. Príjem autora zo závislej činnosti. Príklady z praxe. | ||
| 610 | 2 | 0 | |a právo autorské |
| 610 | 2 | 0 | |a honoráre |
| 610 | 2 | 0 | |a odmeny |
| 610 | 2 | 0 | |a zdaňovanie |
| 610 | 2 | 0 | |a dane z príjmov |
| 610 | 2 | 0 | |a umelci |
| 610 | 2 | 0 | |a príjmy |
| 100 | 1 | |a Pantlová, Elena | |